Fisherman : (Record no. 131953)

MARC details
000 -LEADER
fixed length control field 00733nam a22002297a 4500
005 - DATE AND TIME OF LATEST TRANSACTION
control field 20170124110145.0
010 ## - LIBRARY OF CONGRESS CONTROL NUMBER
LC control number B-181237
020 ## - INTERNATIONAL STANDARD BOOK NUMBER
Terms of availability 325.00
International Standard Book Number 9788180960147
035 ## - SYSTEM CONTROL NUMBER
System control number B-181237
037 ## - SOURCE OF ACQUISITION
Source of stock number/acquisition Cen Lib/Ret
040 ## - CATALOGING SOURCE
Original cataloging agency DPL
Language of cataloging EN
082 ## - DEWEY DECIMAL CLASSIFICATION NUMBER
Classification number 639.2092
Item number JOS
100 ## - MAIN ENTRY--PERSONAL NAME
Personal name Joseph, Sherry
9 (RLIN) 3492
245 ## - TITLE STATEMENT
Title Fisherman :
Statement of responsibility, etc by Sherry Joseph
Remainder of title their social and economic development /
260 ## - PUBLICATION, DISTRIBUTION, ETC. (IMPRINT)
Name of publisher, distributor, etc Saloni Publishing House
Place of publication, distribution, etc New Delhi
Date of publication, distribution, etc 2003
270 ## - ADDRESS
City New Delhi
Address 4675/21, Ansari Road, Darya Ganj
Postal code 110002
300 ## - PHYSICAL DESCRIPTION
Extent ix,150p.
Dimensions 22cm(Hb)
500 ## - GENERAL NOTE
General note Includes bibliographical references and index<br/>
650 ## - SUBJECT ADDED ENTRY--TOPICAL TERM
Topical term or geographic name as entry element Fishing
9 (RLIN) 33304
650 ## - SUBJECT ADDED ENTRY--TOPICAL TERM
Topical term or geographic name as entry element Noctilionidae
9 (RLIN) 33305
942 ## - ADDED ENTRY ELEMENTS (KOHA)
Source of classification or shelving scheme Dewey Decimal Classification
Koha item type English Books
Classification part 639.2092
Call number suffix JOS
Holdings
Withdrawn status Lost status Damaged status Not for loan Home library Current library Date acquired Source of acquisition Cost, normal purchase price Total Checkouts Full call number Barcode Date last seen Copy number Cost, replacement price Price effective from Koha item type
        Central Library Central Library 16/07/2015 Cen Lib/Ret 325.00   639.2092 JOS B-181237 16/07/2015 1 325.00 16/07/2015 English Books

© Delhi Public Library
Hit Counter
free hit counter